United Nations for the classroom (Record no. 371796)

000 -LEADER
fixed length control field 00409cam a22001457a 4500
008 - FIXED-LENGTH DATA ELEMENTS--GENERAL INFORMATION
fixed length control field 180718b1956 xxu||||| |||| 00| 0 eng d
082 ## - DEWEY DECIMAL CLASSIFICATION NUMBER
Classification number D613 J716
100 ## - MAIN ENTRY--PERSONAL NAME
Personal name Jones, Goronwy J.
245 ## - TITLE STATEMENT
Title United Nations for the classroom
Statement of responsibility, etc. by G.J. Jones and Evan T. Davis
260 ## - PUBLICATION, DISTRIBUTION, ETC.
Place of publication, distribution, etc. London
Name of publisher, distributor, etc. RCutledge & Kengan Paul
Date of publication, distribution, etc. 1956
300 ## - PHYSICAL DESCRIPTION
Extent 172p.
500 ## - GENERAL NOTE
General note 6/6
650 ## - SUBJECT ADDED ENTRY--TOPICAL TERM
Topical term or geographic name entry element United Nations
700 ## - ADDED ENTRY--PERSONAL NAME
Personal name Davis, Evan T.
Holdings
Withdrawn status Lost status Damaged status Not for loan Permanent Location Current Location Date acquired Full call number Barcode Date last seen Price effective from Koha item type
        Indian Institute of Public Administration Indian Institute of Public Administration 1994-06-13 D613 J716 7606 2018-07-21 2018-07-21 Book

Powered by Koha